History of India / (Record no. 104260)
[ view plain ]
| 000 -LEADER | |
|---|---|
| fixed length control field | 00895nam a22002657a 4500 |
| 005 - DATE AND TIME OF LATEST TRANSACTION | |
| control field | 20161026104447.0 |
| 010 ## - LCCN (DPL NO) | |
| LC control number | ENG-116305-307 |
| 020 ## - INTERNATIONAL STANDARD BOOK NUMBER | |
| International Standard Book Number | 9788180903229 (vol-I) |
| Terms of availability | 295.00 |
| 020 ## - INTERNATIONAL STANDARD BOOK NUMBER | |
| International Standard Book Number | 9788180903243(vol-2) |
| Terms of availability | 395.00 |
| 020 ## - INTERNATIONAL STANDARD BOOK NUMBER | |
| International Standard Book Number | 9788180903267(vol-3) |
| Terms of availability | 350.00 |
| 020 ## - INTERNATIONAL STANDARD BOOK NUMBER | |
| International Standard Book Number | 9788180903205 |
| Terms of availability | 1040.00(set of vol) |
| 035 ## - SYSTEM CONTROL NUMBER | |
| System control number | EN-99837-839 |
| 037 ## - SOURCE OF ACQUISITION | |
| Source of stock number/acquisition | DBAD/PUB |
| 082 ## - DEWEY DECIMAL CLASSIFICATION NUMBER | |
| Classification number | 954 |
| 245 ## - TITLE STATEMENT | |
| Title | History of India / |
| Statement of responsibility, etc | edited by R.C. Jain [and] R.S. Raman |
| 260 ## - PUBLICATION, DISTRIBUTION, ETC. (IMPRINT) | |
| Place of publication, distribution, etc | Delhi |
| Name of publisher, distributor, etc | Bhartiya Kala Prakashan |
| Date of publication, distribution, etc | 2013 |
| 270 ## - ADDRESS | |
| Address | 3421-A,IInd Floor Narang Colony,Tri Nagar |
| City | Delhi |
| Postal code | 110035 |
| 300 ## - PHYSICAL DESCRIPTION | |
| Extent | Vol-3(xi,330p.,X,547p.ix,363p.) |
| Dimensions | 21cm(Hb) |
| Other physical details | ill (maps) |
| 490 ## - SERIES STATEMENT | |
| Series statement | Vol-I |
| 500 ## - GENERAL NOTE | |
| General note | Includes index |
| 505 ## - FORMATTED CONTENTS NOTE | |
| Formatted contents note | Vol-,Ancient History,Vol-II Medieval History,Vol-III- Modern History |
| 700 ## - ADDED ENTRY--PERSONAL NAME | |
| Personal name | Jain,R.C. |
| 700 ## - ADDED ENTRY--PERSONAL NAME | |
| Personal name | Raman,R.S. |
| 942 ## - ADDED ENTRY ELEMENTS (KOHA) | |
| Source of classification or shelving scheme | Dewey Decimal Classification |
| Item type | English Books |
| Classification part | 954 |
| Call number suffix | HIS |
| Withdrawn status | Lost status | Materials specified (bound volume or other part) | Not for loan | Collection code | Home library | Current library | Date acquired | Source of acquisition | Cost, normal purchase price | Full call number | Barcode | Copy number | Cost, replacement price | Koha item type |
|---|---|---|---|---|---|---|---|---|---|---|---|---|---|---|
| vol-2 | Non-fiction | Ashok Vihar | Ashok Vihar | 26/10/2016 | DBAD/PUB | 395.00 | 954 HIS | EN-99838 | 1 | 395.00 | English Books | |||
| vol-1 | Not For Loan | Non-fiction | D.B.Act.Division | Bawana | 25/10/2016 | DBAD/PUB | 295.00 | 954 HIS | EN-99837 | 1 | 295.00 | English Books | ||
| vol-3 | Not For Loan | Non-fiction | D.B.Act.Division | Bawana | 26/10/2016 | DBAD/PUB | 350.00 | 954 HIS | EN-99839 | 1 | 350.00 | English Books |
